000 00647nam a2200241Ia 4500
003 OSt
005 20221006144653.0
006 a|||||r|||| 00| 0
007 ta
008 221006b |||||||| |||| 00| 0 eng d
020 _cP19.50
024 _a12,328
037 _cTextual
040 _aEASL
_cEASL
_beng
041 _2eng
_aeng
082 _aV41.N49, M5
100 _aGERALD C P Fitz
_9652570
245 0 _aWhy China ?
_b Recollecrion of China 1923-1950
260 _aEngland
_bMelborune University
_c1985
300 _a250p.
_ccm.
942 _hV41.N49, M5
_cTEXL
_2CC
999 _c1080414
_d1080414